| 000 | 00542cam a2200193ua 4500 | ||
|---|---|---|---|
| 001 | 3534 | ||
| 005 | 20260515113709.0 | ||
| 008 | 111121n ii |||gr||||Z||||||asm | ||
| 040 | _cMAIN | ||
| 082 | _a305.89591 | ||
| 100 |
_aWeingken, Ngi Yot, _eAuthor. |
||
| 245 | 1 | 1 |
_aFrom hukawng valley to nam phake village _cby Ngi yot Weingken |
| 250 | _a1st. | ||
| 260 |
_aNaharkatiya: _bTai phake prakashan parishad, _c2004. |
||
| 300 |
_a54p: _bill; _c23cm. |
||
| 653 | _aAssamese | ||
| 653 | _aFrom hukawng valley to nam phake village | ||
| 942 | _cBK | ||
| 999 |
_c3373 _d3373 |
||